| 000 | 00000nam##2200000za#4500 |
| 001 | 9.572671 |
| 003 | CaOODSP |
| 005 | 20220111083119 |
| 007 | cr ||||||||||| |
| 008 | 150406|2003||||xxc|||||o f|0| 0 eng|d |
| 022 | |a1928-6414 |
| 040 | |aCaOODSP|beng |
| 043 | |an-cn--- |
| 086 | 1 |aNE22-1/2003-5E-PDF |
| 110 | 1 |aCanada. |bNational Energy Board. |
| 245 | 10|aReasons for decision in the matter of Trans-Northern Pipelines Inc. : |h[electronic resource]|bapplication dated 24 October 2002 for capacity expansion and line reversal facilities |
| 246 | 1 |iVariant title : |aTrans-Northern Pipelines Inc. |
| 260 | |aCalgary - Alberta : |bNational Energy Board |cJuly 2003. |
| 300 | |a53p.|bfigs., glossary, maps |
| 490 | 1 |aReasons for decision|x1928-6414|vOH-1-2003 |
| 500 | |aThe catalogue number (NE22-1/2003-5E) and ISBN (0-662-34490-1) for the print edition have been incorrectly copied in this electronic publication. |
| 590 | |a12-10-Supp|b2012-03-23 |
| 775 | 08|tMotifs de décision relativement à Pipelines Trans-Nord Inc. : |w(CaOODSP)9.603001 |
| 776 | 0#|tTrans-Northern Pipelines Inc : |w(CaOODSP)9.616439 |
| 830 | #0|aReasons for decision (Canada. National Energy Board)|x1928-6414|vOH-1-2003|w(CaOODSP)9.504480 |
| 856 | 40|ahttp://publications.gc.ca|qPDF|s5.41 MB|uhttps://publications.gc.ca/collections/collection_2011/one-neb/NE22-1-2003-5-eng.pdf|yOH-1-2003 |